| 000 | 00430cam a2200157ua 4500 | ||
|---|---|---|---|
| 003 | OSt | ||
| 008 | 240124b |||||||| |||| 00| 0 eng d | ||
| 020 | _a81-239-0607-2 | ||
| 041 | _aeng | ||
| 082 |
_a631.56 _bKAY/PO |
||
| 100 |
_aKays, Stanley J . _95777 |
||
| 245 | _aPost harvest physiology of perishable plant products / | ||
| 260 |
_aNew Delhi : _bC B S Publishers & Distributers , _c1998. |
||
| 300 | _a532 ; . | ||
| 942 | _cBK | ||
| 999 |
_c4809 _d4809 |
||